000 01003nam a2200265Ia 4500
003 OSt
005 20221005111457.0
006 a|||||r|||| 00| 0
007 ta
008 221004b |||||||| |||| 00| 0 hin d
020 _c400
024 _a86986
037 _b156, 28/03/2007, Swaraj Book Distributor
_cTextual
040 _aCRL
_cCRL
_bhin
041 _2hin
_ahin
082 _aO152,1:g(Y:1), N6
100 _aभटनागर, रेणु
245 0 _aअष्टछाप काव्य में लोकोन्मुखी ब्रज - संस्कृति
246 _aAṣhṭachhāp kāvya mean lokonmukhī braj - sanskṛuti
260 _aनई दिल्ली
_bसारांश भारत
_c1996
300 _a360पृ0
_ccm.
650 _aहिन्दी साहित्य
942 _hO152,1:g(Y:1), N6
_cTEXL
_2cc
999 _c1021958
_d1021958